Advanced algebra

Αποθηκεύτηκε σε:
Λεπτομέρειες βιβλιογραφικής εγγραφής
Κύριος συγγραφέας: Maxwell, E. A. (Edwin Arthur)
Μορφή: Βιβλίο
Γλώσσα:English
Δημοσίευση: Cambridge : University Press, 1961, c1960, c1966.
Έκδοση:1st ed., Repr
Θέματα:
Ετικέτες: Προσθήκη ετικέτας
Δεν υπάρχουν, Καταχωρήστε ετικέτα πρώτοι!

MARC

LEADER 00000cam a2200000 i 4500
001 1/6416
008 100413s19611960 eng d
035 |l 10107503 
040 |a GR-MY-UA  |b gre  |e aacr 
041 0 |a eng 
082 0 |a 512   |2 (22)  
100 1 |a Maxwell, E. A.   |q (Edwin Arthur) 
245 1 0 |a Advanced algebra /  |c by E. A. Maxwell 
250 |a 1st ed., Repr 
260 |a Cambridge :   |b University Press,   |c 1961, c1960, c1966.  
300 |a ix, 311 σ.;  |b διαγρ.;  |c 22 εκ. 
500 |a Το Παράρτημα Βιβλιοθήκης Χίου διαθέτει την 1η έκδοση [ανατύπωση], 1966.  
500 |a Part I.  
650 0 0 |a Algebra. 
852 |a INST  |b CHIOS  |c EUDOXUS  |e 20160830  |h 512 MAX  |p 005200039161  |q 005200039161  |t BK  |v τ.1:  |y 0 
852 |a INST  |b SAMOS  |c MAG  |e 20100413  |h 512 MAX  |p 005300032036  |q 005300032036  |t BK  |v τ.1:  |y 0  |z τ.1 
853 |a INST  |b CHIOS  |c EUDOXUS  |h 512 MAX 
853 |a INST  |b SAMOS  |c MAG  |h 512 MAX 
901 |a BIBL3-2010-1 
909 |a Σ  |b 162169 
920 |a Εύδοξος  |b Παραγγελία  |y Χίος-ΤΜΟΔ  |z 2016-06 
970 |a ΣΙΤΖΙΜΗ  |b ΓΙΑΣΕΜΗ  |z 2010/04/13